| 000 | 00403nam a2200157 a 4500 | ||
|---|---|---|---|
| 001 | 4345 | ||
| 003 | CDMR | ||
| 005 | 20130320135409.0 | ||
| 008 | 130130s1992||||||||||||||||||||||||||||d | ||
| 040 |
_aCDMR _bcat _cCDMR |
||
| 245 | 3 | _aEl Diario de Huesca | |
| 260 |
_aZaragoza _c1992 _bAsociación de la Prensa de Aragón |
||
| 490 | 0 | _aPrensa Aragonesa | |
| 490 | 0 |
_aColección facsímil _v4 |
|
| 942 |
_cMON _2udc |
||
| 999 |
_c4345 _d4345 |
||